000 00298nam a22001337a 4500
008 181105b xxu||||| |||| 00| 0 eng d
020 _a9781111840594
041 _aeng
080 _23rd
_a371
100 _a46
101 _aEDU
245 _aFocus on College Success
_cStaley,C
942 _2udc
_cBK
999 _c51793
_d51793